| 000 | 01254nkm a2200289 i 4500 | ||
|---|---|---|---|
| 001 | 3564 | ||
| 003 | ES-MaACL | ||
| 005 | 20250904063358.0 | ||
| 007 | khrbo | ||
| 008 | 051118s1985 sp --- g |001||spa d | ||
| 100 | 0 |
_aAlfonso, _d1902-1990 _919858 |
|
| 245 | 1 | 3 |
_aEl sistema solar [ _hFotografía] / _cAlfonso (sello). |
| 260 |
_a[S.l. : _bs.n.], _c1985. |
||
| 300 |
_a6 fot. : _bb. y n. ; _c12 x 18 cm. |
||
| 490 | 1 | _aJornadas de astronomía, enero 1985 | |
| 500 | _aDatos basados en invitación. | ||
| 511 | 0 | _aIntervienen: Ángel de Castro. | |
| 518 | _aActo organizado por la Sección de Ciencias del Ateneo de Madrid en colaboración con el Observatorio Astronómico (I.G.N), celebrado en el salón de actos el jueves, 17 de enero de 1985, a las 20:00 h. | ||
| 600 | 1 | 4 |
_aCastro, Ángel de _936831 |
| 610 | 2 | 4 |
_aAteneo de Madrid- _xActos culturales- _y1985- _vFotografías. _91900 |
| 710 | 2 |
_aAteneo de Madrid. _bSección de Ciencias Exactas, Físicas y Naturales. _91978 |
|
| 710 | 2 |
_aObservatorio Astronómico de Madrid. _96005 |
|
| 830 | 0 | 0 |
_aJornadas de astronomía _9176791 |
| 852 |
_aES-MaACL _jFOT 128/1985 |
||
| 856 | 4 | _uhttp://www.ateneodemadrid.net/biblioteca_digital/imagenes/1985/0128-1985.j | |
| 999 |
_c3564 _d3564 |
||